<?xml version="1.0" encoding="UTF-8"?>
<record
    xmlns:xsi="http://www.w3.org/2001/XMLSchema-instance"
    xsi:schemaLocation="http://www.loc.gov/MARC21/slim http://www.loc.gov/standards/marcxml/schema/MARC21slim.xsd"
    xmlns="http://www.loc.gov/MARC21/slim">

  <leader>00651nam a22001337a 4500</leader>
  <datafield tag="040" ind1=" " ind2=" ">
    <subfield code="c">RUA</subfield>
  </datafield>
  <datafield tag="082" ind1=" " ind2=" ">
    <subfield code="a">VEM LOC 2024 B1-330 Or.</subfield>
  </datafield>
  <datafield tag="100" ind1=" " ind2=" ">
    <subfield code="a">LOCH CHANDARO,&#x17A1;&#x17BB;&#x1785; &#x1785;&#x1793;&#x17D2;&#x178F;&#x17B6;&#x179A;&#x17C9;&#x17BC;</subfield>
  </datafield>
  <datafield tag="245" ind1=" " ind2=" ">
    <subfield code="a">CASE OF SALMONELLA SPP. ON CHICKEN MEAT IN MARKET AT PREY KABAS DISTRICT TAKEO PROVINCE,&#x1780;&#x179A;&#x178E;&#x17B8;&#x200B; SALMONELLA SPP. &#x179B;&#x17BE;&#x179F;&#x17B6;&#x1785;&#x17CB;&#x1798;&#x17B6;&#x1793;&#x17CB;&#x1793;&#x17C5;&#x179B;&#x17BE;&#x1791;&#x17B8;&#x1795;&#x17D2;&#x179F;&#x17B6;&#x179A; &#x179F;&#x17D2;&#x179A;&#x17BB;&#x1780;&#x1796;&#x17D2;&#x179A;&#x17C3;&#x1780;&#x1794;&#x17D2;&#x1794;&#x17B6;&#x179F; &#x1781;&#x17C1;&#x178F;&#x17D2;&#x178F;&#x178F;&#x17B6;&#x1780;&#x17C2;&#x179C;</subfield>
  </datafield>
  <datafield tag="260" ind1=" " ind2=" ">
    <subfield code="a">phnom penh</subfield>
    <subfield code="b">rua</subfield>
    <subfield code="c">2024</subfield>
  </datafield>
  <datafield tag="300" ind1=" " ind2=" ">
    <subfield code="a">ix.47p.</subfield>
    <subfield code="b">ill.</subfield>
    <subfield code="c">29cm.</subfield>
  </datafield>
  <datafield tag="856" ind1=" " ind2=" ">
    <subfield code="u">https://drive.google.com/file/d/1UQFXP3-th6oGS76l8Rh5i8G245GpRjo4/view?usp=sharing</subfield>
  </datafield>
  <datafield tag="942" ind1=" " ind2=" ">
    <subfield code="c">VEM</subfield>
  </datafield>
  <datafield tag="999" ind1=" " ind2=" ">
    <subfield code="c">24757</subfield>
    <subfield code="d">24757</subfield>
  </datafield>
  <datafield tag="952" ind1=" " ind2=" ">
    <subfield code="0">0</subfield>
    <subfield code="1">0</subfield>
    <subfield code="4">0</subfield>
    <subfield code="6">VEM_LOC_2024_000000000000000_B1330_OR</subfield>
    <subfield code="7">0</subfield>
    <subfield code="9">104366</subfield>
    <subfield code="a">LBB</subfield>
    <subfield code="b">LBB</subfield>
    <subfield code="c">B1.330</subfield>
    <subfield code="d">2025-04-29</subfield>
    <subfield code="l">1</subfield>
    <subfield code="o">VEM LOC 2024 B1-330 Or.</subfield>
    <subfield code="p">a083458</subfield>
    <subfield code="r">2026-04-20</subfield>
    <subfield code="s">2026-03-30</subfield>
    <subfield code="y">VEM</subfield>
  </datafield>
  <datafield tag="952" ind1=" " ind2=" ">
    <subfield code="0">0</subfield>
    <subfield code="1">0</subfield>
    <subfield code="4">0</subfield>
    <subfield code="6">VEM_LOC_2024_000000000000000_B1330_OR</subfield>
    <subfield code="7">0</subfield>
    <subfield code="9">104367</subfield>
    <subfield code="a">LBB</subfield>
    <subfield code="b">LBB</subfield>
    <subfield code="c">B1.330</subfield>
    <subfield code="d">2025-04-29</subfield>
    <subfield code="o">VEM LOC 2024 B1-330 Or.</subfield>
    <subfield code="p">a082862</subfield>
    <subfield code="r">2025-04-29</subfield>
    <subfield code="y">VEM</subfield>
  </datafield>
</record>
